Desserts by Picture (A-Z) Quiz Stats

Quiz Updated Dec 1, 2015

Challenge
Share
Tweet
Score 0/25 Timer 05:00
0 Plays Today
% Correct
Apple pie
99.1%
Doughnuts
97.6%
Ice cream
96.4%
Gingerbread cookies
96.3%
Éclair
92.2%
Lemon meringue pie
86.1%
Waffle
83.9%
Flan
77.9%
Upside-down cake
74.8%
Macarons
74.4%
Baklava
73.7%
Tiramisu
69.2%
Cannoli
67.5%
% Correct
Yule log
59%
Nougat
46.1%
Profiteroles
35.8%
Jaffa cake
27.2%
Opera cake
20%
Halva
17.9%
Rugelach
10.3%
Sopaipilla
9.9%
Kransekake
5.2%
Zuccotto
2.4%
Qottab
2.3%
Vatrushka
1.9%

You're not logged in!

Compare scores with friends on all Sporcle quizzes.
Sign Up with Email
OR
Log In

You Might Also Like...

Show Comments

Extras

Top Quizzes Today


Score Distribution

Your Account Isn't Verified!

In order to create a playlist on Sporcle, you need to verify the email address you used during registration. Go to your Sporcle Settings to finish the process.

Report this User

Report this user for behavior that violates our Community Guidelines.

Details: